|
|
|
|
| LEADER |
00000naa2a2200000 4500 |
| 001 |
384498 |
| 005 |
20231101063244.0 |
| 035 |
|
|
|a (RuTPU)RU\TPU\prd\11173
|
| 090 |
|
|
|a 384498
|
| 100 |
|
|
|a 20030303a2003 k y0rusy50 ca
|
| 101 |
0 |
|
|a rus
|
| 102 |
|
|
|a RU
|
| 200 |
1 |
|
|a Новый метод тестирования активности ферментов репарации, рестрикции и модификации с помощью олигонуклеотидов, иммобилизованных на полимерном носителе
|f Е. А. Кубарева, А. Е. Судьина
|
| 225 |
1 |
|
|a Биология, экология, физико-химическая биология и почвоведение
|
| 320 |
|
|
|a Библиогр.: 21 назв.
|
| 461 |
|
1 |
|0 (RuTPU)RU\TPU\prd\1139
|t Наукоемкие технологии
|o научно-технический журнал
|d 2001-
|
| 463 |
|
1 |
|0 (RuTPU)RU\TPU\prd\10972
|t № 1
|v С. 64-71
|d 2003
|
| 610 |
1 |
|
|a тестирование
|
| 610 |
1 |
|
|a активность
|
| 610 |
1 |
|
|a ферментативный гидролиз
|
| 610 |
1 |
|
|a олигонуклеотиды
|
| 610 |
1 |
|
|a полимерные носители
|
| 610 |
1 |
|
|a иммобилизованные субстраты
|
| 610 |
1 |
|
|a выделение
|
| 610 |
1 |
|
|a очистка
|
| 610 |
1 |
|
|a ферменты
|
| 610 |
1 |
|
|a репарация
|
| 610 |
1 |
|
|a рестрикция
|
| 610 |
1 |
|
|a модификация
|
| 675 |
|
|
|a 577.152.322.01
|v 3
|
| 700 |
|
1 |
|a Кубарева
|b Е. А.
|
| 701 |
|
1 |
|a Судьина
|b А. Е.
|
| 801 |
|
1 |
|a RU
|b 63413507
|c 20030303
|g PSBO
|
| 942 |
|
|
|c BK
|